000
00217 a2200097 4500
001
31497
100
_a
Adamson, jay
245
_a
MCSE Networking Essentials
260
_a
New Delhi
_b
PHI
_c
1999
090
_c
21368
_d
21368
942
_a
NUST-CAE
_c
M
_c
12634
999
_c
266570
_d
266570